[Event "USA-ch"]
[Site "Seattle"]
[Date "2003.01.13"]
[Round "5"]
[White "Fishbein, Alexander"]
[Black "De Firmian, Nick E"]
[Result "1-0"]
[WhiteElo "2489"]
[BlackElo "2537"]
[Annotator "Ftacnik,L"]
[PlyCount "79"]
[EventDate "2003.01.09"]
[EventType "swiss"]
[EventRounds "9"]
[EventCountry "USA"]
[SourceTitle "CBM 093"]
[Source "ChessBase"]
[SourceDate "2003.04.01"]
[SourceVersion "1"]
[SourceVersionDate "2003.04.01"]
[SourceQuality "1"]

1. e4 c5 2. Nf3 d6 3. d4 cxd4 4. Nxd4 Nf6 5. Nc3 a6 6. Be2 e6 7. a4 Be7 8. Be3
O-O 9. a5 Nc6 10. Nb3 Nd7 11. O-O b5 12. axb6 Nxb6 13. Qd2 Bb7 14. Rfd1 Qc7 15.
Na4 Nd7 {After the swap of pawns on b6 black has to play very carefully, but
the position is still quite equal.} (15... Nxa4 16. Rxa4 Rfd8 17. Bf4 $14) 16.
c4 Rfd8 (16... Rad8 17. f3 f5 $5 18. exf5 Rxf5 $13) 17. Qe1 Nce5 (17... Rab8
18. f3 Ba8 19. Nd4 Bf6 $11) 18. f3 Rab8 (18... Nxc4 19. Bxc4 $1 (19. Rdc1 d5
20. Bxc4 dxc4 21. Na5 Rac8 22. Rxc4 Qb8 23. Rxc8 Rxc8 24. Rd1 Rc7 $11) 19...
Qxc4 20. Na5 Qc7 (20... Qb5 21. Nc3 Qb4 22. Ra4 Qxb2 23. Ra2 $18) 21. Rdc1 Qb8
22. Qb4 Ra7 23. Nc6 Bxc6 24. Qxb8 Rxb8 25. Bxa7 $16) 19. Na5 Nc6 (19... Ba8 20.
Ra2 (20. b4 d5 21. c5 dxe4 22. fxe4 Bxe4 23. Bf4 Bf6 24. Bxa6 Bc2 $15) 20...
Nc6 21. Nxc6 Bxc6 22. b4 d5 $11) 20. Nxc6 Bxc6 21. b4 Bf6 (21... d5 22. cxd5
exd5 23. exd5 Bxb4 24. Qh4 Bxa4 25. Rxa4 Bc5 $11) 22. Nc3 Bb7 (22... Rxb4 $2
23. Nb5 Bxb5 (23... axb5 24. Ra7 $16) 24. Qxb4 Bxa1 25. cxb5 Be5 26. bxa6 $16)
23. Rdc1 Be5 $6 (23... Ne5 24. f4 (24. Na4 Nc6 25. Rab1 Bd4 26. Qf2 Bxe3 27.
Qxe3 e5 $11) 24... Nxc4 25. Na4 d5 26. e5 Be7 27. Bb6 Qc6 28. Bxd8 Rxd8 29. Bd3
$14) 24. Nd5 $1 {[%mdl 64] Excellent and to a degree original exchange
combination, that will give white much better pawn structure.} exd5 (24... Bxd5
25. cxd5 Qb7 26. Ra4 $16) 25. cxd5 Nc5 26. Ra2 Rdc8 (26... f5 27. f4 Bf6 28.
bxc5 fxe4 29. c6 Bc8 30. Bxa6 $16) 27. bxc5 dxc5 28. g3 Qb6 $6 (28... Qe7 29.
Qf2 f5 30. Bxa6 $16) 29. Rb1 Qa7 (29... Qd6 30. Qd2 f5 31. f4 Bd4 32. Bxd4 cxd4
33. Qxd4 fxe4 34. Rab2 $18) 30. Kg2 Bd4 31. Bf4 Ra8 32. Qa5 $1 {This fine move
will make punishment for black's passive play easier to deliver in the next
few moves.} Re8 33. Bc4 Bc8 (33... Re7 34. Bxa6 h6 35. d6 $16) 34. Qc7 h6 (
34... Qxc7 35. Bxc7 Ra7 36. d6 Kf8 37. Bb5 $16) 35. Qxa7 Rxa7 36. Ra5 Rb7 37.
Rxb7 Bxb7 38. Bc7 (38. Bxa6 $2 Ra8 39. Bxb7 Rxa5 40. d6 Kf8 $13) 38... Rc8 39.
d6 Bc3 (39... Bf6 40. e5 Bg5 41. h4 Bd8 42. Bxd8 Rxd8 43. Rxc5 $18) 40. d7 1-0

[Event "Bermuda-A"]
[Site "Bermuda"]
[Date "2003.01.25"]
[Round "1"]
[White "Volokitin, Andrei"]
[Black "Movsesian, Sergei"]
[Result "1/2-1/2"]
[WhiteElo "2565"]
[BlackElo "2663"]
[Annotator "Ftacnik,L"]
[PlyCount "100"]
[EventDate "2003.01.25"]
[EventType "tourn"]
[EventRounds "11"]
[EventCountry "BER"]
[EventCategory "15"]
[SourceTitle "CBM 094"]
[Source "ChessBase"]
[SourceDate "2003.05.26"]
[SourceVersion "1"]
[SourceVersionDate "2003.05.26"]
[SourceQuality "1"]

1. e4 c5 2. Nf3 d6 3. d4 cxd4 4. Nxd4 Nf6 5. Nc3 a6 6. a4 e6 7. Be2 Be7 8. O-O
O-O 9. f4 Qc7 10. Kh1 b6 11. e5 dxe5 12. fxe5 Nfd7 13. Bf3 Bb7 14. Bf4 Nc6 15.
Bxc6 Bxc6 16. Qg4 Kh8 17. Rad1 Nc5 {It seems a bit safer to keep the beautiful
bishop even a ta cost of a tempo with 17...Bb7!?} (17... Bb7 $5 18. Rd3 Nxe5
19. Qg3 Bd6 20. Ndb5 axb5 21. Rxd6 Nc4 22. Nxb5 Qc5 23. Rdd1 e5 24. Bc1 Bc6 $11
) 18. Nxc6 Qxc6 19. Rf3 Nxa4 (19... f5 20. Qh5 (20. exf6 Bxf6 21. Rd6 Qe8 $15)
20... Qe8 21. Qxe8 Rfxe8 22. Rf2 $11) 20. Rg3 (20. Bh6 gxh6 21. Qxa4 Qxa4 22.
Nxa4 Rad8 $15) 20... Rg8 (20... g6 21. Bh6 Nxb2 22. Rb1 Nc4 23. Qf4 Qc7 $15)
21. Rh3 g5 $1 (21... Nxb2 $2 22. Rxh7+ Kxh7 23. Qh5#) 22. Bd2 (22. Bc1 Nxc3 23.
Rxc3 Qb5 24. Rc7 Rae8 25. Qe4 $11) 22... Nxb2 23. Rxh7+ {Volokitin admits,
that he can do no harm to the opponents king and he goes for the drawing
combination.} (23. Rf1 Rg7 $17) 23... Kxh7 24. Qh5+ Kg7 25. Rf1 Qe8 (25... Raf8
$2 26. Bxg5 Bxg5 27. Qxg5+ Kh7 28. Qh5+ Kg7 29. Rf6 $18) (25... f5 26. exf6+
Bxf6 27. Bxg5 Rgf8 28. Qh6+ Kg8 29. Bxf6 $18) 26. Bxg5 Bxg5 27. Qxg5+ Kf8 (
27... Kh7 28. Qh5+ Kg7 29. Qg5+ $11) 28. Qh6+ Ke7 $6 {Movsesian's decision to
continue the game is very honourable, but it was more sensible to accept the
repetition with a draw.} (28... Rg7 29. Qh8+ Rg8 30. Qh6+ $11) 29. Nd5+ $1 Kd8
(29... exd5 $2 30. Qd6#) 30. Nf6 (30. Qh4+ $5 Kc8 31. Ne7+ Kb8 32. Nxg8 Qxg8
33. Qd4 Ra7 34. Qxb2 Qd8 $14) 30... Qb5 (30... Qf8 31. Qd2+ Kc7 32. Qd7+ Kb8
33. Nxg8 Ra7 34. Qxe6 Qxg8 35. Qb3 $16) 31. c4 $1 Nxc4 (31... Qxe5 32. Nxg8 (
32. Qd2+ Ke7 33. Qb4+ Qc5 34. Nxg8+ Rxg8 35. Qxb2 f5 $17) 32... Kc7 33. Rxf7+
Kc6 34. Ne7+ Kc5 35. Qc1 Rd8 36. Ng6 Qe4 $15) (31... Qxc4 $2 32. Rc1 $1 Qd4 33.
Nxg8 $18) 32. Nxg8 Nxe5 33. Rc1 Ng6 $2 {[%mdl 8192] This remarkable position
is too difficult to play over the board and indeed two very strong players
will make 6 (!) serious mistakes in sequence, that are changing the value of
the position.} (33... Kd7 34. Nf6+ (34. Qd2+ $2 Nd3 $1 $19) 34... Ke7 35. Ne4
Ng6 36. Qd2 Qe5 37. Qb4+ $11) 34. Qg7 $2 (34. Qd2+ $1 Qd5 (34... Qd7 35. Qg5+
Ne7 36. Nf6 Qd6 37. Qh5 $18) (34... Ke8 35. Qd6 Qe5 36. Qc6+ Kf8 37. Qxa8+ $18)
35. Qc3 Qd6 36. Qf3 Ra7 37. Rd1 $18) 34... Qd7 $2 (34... Ke8 35. Nf6+ Ke7 36.
Ng8+ Rxg8 37. Qxg8 Nf4 38. h3 $13) 35. Nh6 $2 (35. Qa1 $3 Qe8 (35... Rc8 36.
Rd1 $18) (35... Ne7 36. Nf6 Qd6 37. Qa4 Nc6 38. Rd1 $18) 36. Qd4+ Qd7 37. Qxb6+
Ke8 38. Nf6+ $18) 35... Ke8 36. Rf1 Nf8 $2 (36... Rc8 $1 37. Nxf7 Nf8 $11) 37.
Nxf7 $2 (37. Ng8 $1 Qb7 38. Nf6+ Ke7 39. Nh7 Nd7 40. Rxf7+ Kd6 41. Qg3+ Kc5 42.
Qa3+ Kb5 43. Qd3+ Ka5 44. Rxd7 $18) 37... Rc8 {The worst is over and now some
kind of stability returns to the fight.} 38. h3 (38. Qf6 Rc5 39. Ne5 Qe7 40.
Qh8 Qd6 41. Qh5+ Kd8 42. Nf7+ Kd7 $11) 38... Qd3 39. Qf6 Rc5 40. Nh6 (40. Ne5
Rxe5 41. Qxf8+ Kd7 42. Rf7+ Kc6 43. Qe8+ (43. Kh2 Re1 $11) 43... Kc5 44. Rc7+
Kb4 45. Rc1 Re2 $11) 40... Nd7 41. Qh8+ (41. Qxe6+ Kd8 42. Nf7+ Kc7 43. Kg1 Rc2
$11) 41... Ke7 42. Rf7+ Kd6 43. Qd8 Qb5 (43... Rc7 44. Qe7+ Kc6 45. Qxe6+ Kb7
46. Nf5 Qf1+ 47. Kh2 Qf4+ 48. Ng3 Qe5 $11) 44. Kh2 (44. Qe7+ Kc7 45. Qxe6 Qc6
$13) 44... Qc6 45. h4 a5 (45... Qc7 46. Qe8 $1 Rc3 47. Rf1 Kc6+ 48. Kg1 $11)
46. Ng4 Qc7 (46... Rc2 47. Ne3 Re2 48. Rf4 Rxe3 49. Rd4+ Kc5 50. Rxd7 Qe4 $11)
(46... a4 $2 47. Nf6 $18) 47. Rxd7+ $1 {The final combination is very fine as
it forces immediate draw by repetition.} Qxd7 48. Qxb6+ Qc6 49. Qd8+ Qd7 50.
Qb6+ Qc6 1/2-1/2

[Event "Asia-ch"]
[Site "Kolkata"]
[Date "2001.08.13"]
[Round "5"]
[White "Annageldyev, Orazly"]
[Black "Prasad, Devaki V"]
[Result "0-1"]
[WhiteElo "2485"]
[BlackElo "2440"]
[Annotator "Ftacnik,L"]
[PlyCount "68"]
[EventDate "2001.08.09"]
[EventType "swiss"]
[EventRounds "11"]
[EventCountry "IND"]
[SourceTitle "CBM 085"]
[Source "ChessBase"]
[SourceDate "2001.11.13"]
[SourceVersion "1"]
[SourceVersionDate "2001.11.13"]
[SourceQuality "1"]

1. e4 c5 2. Nf3 d6 3. d4 cxd4 4. Nxd4 Nf6 5. Nc3 e6 6. Be2 Be7 7. O-O a6 8. Be3
Qc7 9. f4 O-O 10. Qe1 b5 11. Bf3 Bb7 12. e5 dxe5 13. fxe5 Nfd7 14. Qg3 Kh8 15.
Ndxb5 $6 {Spirited idea, but surely a bit too radical attempt to break the
spine of the sharp Sicilian line.} axb5 16. Nxb5 Qc8 17. Nd6 (17. Na7 Rxa7 18.
Bxa7 Bxf3 19. Qxf3 Nc6 $15) 17... Bxd6 18. exd6 Bxf3 (18... e5 19. c4 $1) 19.
Qxf3 Ra6 20. Rfc1 (20. Qd1 Nf6 $19) 20... Rxd6 21. c4 Nc6 22. a3 (22. a4 f5 23.
c5 Rd3 24. Qe2 Rb3 $19) 22... f5 $1 {[%mdl 1024] Black is fighting back with
counterattack on the kingside, where white has hardly any pieces defending the
king.} 23. b4 Nce5 24. Qe2 (24. Qh5 Rd3 25. Bf2 f4 26. c5 Rf5 $19) 24... f4 25.
c5 (25. Bc5 f3 26. Qxe5 Nxe5 27. Bxd6 Nd3 28. Bxf8 (28. Rc3 Nf4 $19) 28... Nxc1
29. Rxc1 Qxf8 30. Rf1 Qf4 $19) 25... Rd5 26. Bf2 (26. c6 Nb8 27. c7 fxe3 28.
cxb8=Q Qxb8 $19) 26... f3 27. Qe3 (27. gxf3 Rd2 28. Qe3 Nxf3+ 29. Kg2 Qc6 $19)
27... fxg2 28. c6 Nf6 (28... Nxc6 $2 29. Qxe6 $13) 29. Qa7 (29. Qe2 Nfg4 30.
Be1 Nf3+ 31. Kxg2 Nxe1+ 32. Qxe1 Rg5 $19) 29... Ne4 {Even the less precise
moves are good enough to finish white off.} (29... Rd2 $1 30. Qe3 Nfg4 31. Qxd2
Nf3+ $19) 30. Be3 (30. Ra2 Qd8 31. Qe3 Rd1+ 32. Rxd1 Qxd1+ 33. Kxg2 Qd5 $19)
30... Qe8 31. Ra2 (31. Kxg2 Qg6+ 32. Kh1 Nf2+ 33. Bxf2 Qe4+ 34. Kg1 Nf3+ $19)
31... Qh5 32. Bf2 (32. Rxg2 Rd1+ $19) 32... Nf3+ 33. Kxg2 Qg4+ (33... Qxh2+ $1
34. Kf1 Ng3+ 35. Bxg3 Nd2+ 36. Ke1 Rf1#) 34. Kh1 Ng3+ $6 (34... Rg5 $19) (34...
Ng3+ $6 35. Bxg3 Nh4 36. Bxh4 Rd1+ 37. Rxd1 Qxd1+ 38. Qg1 Rf1 39. Rg2 Rxg1+ 40.
Rxg1 Qf3+ 41. Rg2 Qxc6 $19) 0-1

[Event "Moscow op-A 04th"]
[Site "Moscow"]
[Date "2008.02.02"]
[Round "1"]
[White "Okara, Andrey"]
[Black "Inarkiev, Ernesto"]
[Result "1-0"]
[WhiteElo "2402"]
[BlackElo "2681"]
[Annotator "Ftacnik,L"]
[PlyCount "109"]
[EventDate "2008.02.02"]
[EventType "swiss"]
[EventRounds "9"]
[EventCountry "RUS"]
[SourceTitle "CBM 122 Extra"]
[Source "ChessBase"]
[SourceDate "2008.03.04"]
[SourceVersion "1"]
[SourceVersionDate "2008.03.04"]
[SourceQuality "1"]

1. e4 c5 2. Nf3 e6 3. d4 cxd4 4. Nxd4 Nc6 5. Nc3 d6 6. Be2 Nf6 7. O-O Be7 8.
Kh1 O-O 9. f4 Qc7 10. f5 a6 11. g4 {If the Scheveningen could be refuted with
such a direct attack, Black would have stopped playing it long time ago.} Nxd4
12. Qxd4 Nd7 13. g5 Re8 14. fxe6 fxe6 15. Bc4 Ne5 16. Bb3 Bd7 {Inarkiev has to
live with his e6-weakness, but the white king is rather exposed.} 17. Bf4 Bf8
$6 {A very passive approach, that seriously diminishes Black's prospects for
counterplay.} (17... Rf8 18. Kg2 (18. Na4 Rf7 19. Bxe5 (19. Nb6 Raf8 20. Nxd7
Qxd7 $19) 19... dxe5 20. Qb6 $11) 18... Rad8 19. Rad1 Rf7 $11) 18. Rad1 Bc6 (
18... Rad8 19. Kg2 $14) 19. Qe3 b5 (19... Ng6 20. Bg3 Rad8 21. Ne2 $14) 20. Qh3
$2 {Okara has a very good idea of advancing his attack with the help of
additional pressure against the e6-pawn.} (20. Bxe5 dxe5 21. Qh3 Qe7 22. Rf5 b4
(22... Qc7 23. Rf3 Qe7 24. a3 a5 25. Rdf1 $16) 23. Rxe5 Kh8 24. Rxe6 Qxg5 25.
Rxc6 bxc3 26. Rxc3 Rxe4 27. Rg1 $16) 20... Qe7 $2 {A small comedy of errors,
Black could have solved his problems with the move to c4.} (20... Nc4 $1 21.
Bxc4 bxc4 $11) 21. g6 $5 (21. Bxe5 dxe5 22. Rf5 $16) 21... Nxg6 (21... hxg6 22.
Bxe5 dxe5 23. Qg4 g5 24. Rf5 $16) 22. Bxd6 Qg5 (22... Qb7 23. Bxe6+ Kh8 24. Bf5
$16) 23. Bxe6+ Kh8 24. Rf5 {Due to inexperence, White will manage to lose part
of his solid advantage.} (24. Bd5 Bxd5 25. Rxd5 $16) 24... Qh4 25. Rxf8+ Rxf8
26. Qxh4 Nxh4 27. Bxf8 Rxf8 28. Bd5 (28. a3 g5 29. Kg1 Nf3+ 30. Kg2 $14) 28...
Be8 29. Kg1 b4 30. Ne2 Bh5 31. Rf1 {The technical part of converting the
advantage has to wait till White manages to put his house in order.} Nf3+ (
31... Rxf1+ 32. Kxf1 Nf3 33. Nf4 Be8 34. h3 $16) 32. Kh1 Rc8 (32... g5 33. e5
g4 34. h3 Kg7 (34... gxh3 35. Nd4 $18) 35. e6 $16) 33. c4 (33. Ng1 Nd4 34. Bb7
Rd8 35. Rf2 $16) (33. Rc1 Rf8 34. Ng3 Bg4 35. c3 bxc3 36. Rxc3 Ne5 37. Kg2 $16)
33... Nd2 34. Rd1 $6 {The rook should probably have remained on the open
f-file.} (34. Rf2 $1 Bf3+ 35. Kg1 Bxe4 36. Be6 Rd8 37. Nd4 $16) 34... Nxe4 (
34... Bf3+ 35. Kg1 Nxe4 36. Rd4 Bxe2 37. Rxe4 Bf3 38. Be6 Rd8 39. Re5 $14) 35.
Bxe4 Bxe2 36. Bb7 Rf8 (36... Bxd1 $5 37. Bxc8 a5 38. c5 Bf3+ 39. Kg1 Kg8 40.
Kf2 Bd5 41. Ke3 Kf7 42. Kd4 Bxa2 43. Ke5 $16) 37. Rd4 {White has lost the
spare pawn, but can finally hope to advance his dangerous c-pawn.} g5 38. Kg2
a5 (38... Bf1+ 39. Kg3 (39. Kg1 Bh3 40. Bg2 Bxg2 41. Kxg2 Rf5) 39... Rf4 40.
Rxf4 gxf4+ 41. Kxf4 Bxc4 42. b3 Bb5 43. Ke3 Kg7 44. Kd4 $16) 39. c5 h5 40. Rd2
Bf1+ (40... Bg4 41. h3 Bf5 42. Re2 Kg7 43. c6 $16) 41. Kg1 (41. Kg3 Rf4 42. h3
Rh4 43. Bc8 $16) 41... Bh3 42. Bg2 Bxg2 43. Kxg2 Rf6 $6 {The last drop of
bitterness for Black in this game. The desperate search for the best chances
to resist have lead him in the wrong direction as the rook can be kicked out
of the blockading c6-square.} (43... Kg7 $1 44. c6 Kg6 45. c7 Rc8 46. Rc2 Kf6
47. Kf3 Ke5 48. Rc5+ Kd4 49. Rxg5 Rxc7 50. Rxh5 $16) 44. Rc2 Rc6 45. Kf3 Kg7
46. Ke4 Kf6 47. Kd5 Rc8 48. Kd6 {Cutting off the black king and effectively
finishing the fight.} g4 (48... Rd8+ 49. Kc7 Rd3 50. Kb6 b3 51. axb3 Rxb3+ 52.
Kxa5 $18) 49. Kd7 Rg8 50. c6 h4 51. c7 Ke5 52. c8=Q Rxc8 53. Rxc8 g3 54. hxg3
hxg3 55. Kc6 1-0

[Event "Manhattan March Int"]
[Site "New York"]
[Date "1999.03.15"]
[Round "9"]
[White "Ady, Jonathan James"]
[Black "Burnett, Ronald"]
[Result "1/2-1/2"]
[WhiteElo "2412"]
[BlackElo "2420"]
[Annotator "Ftacnik,L"]
[PlyCount "141"]
[EventDate "1999.03.05"]
[EventType "tourn"]
[EventRounds "9"]
[EventCountry "USA"]
[EventCategory "10"]
[SourceTitle "CBM 070"]
[Source "ChessBase"]
[SourceDate "1999.06.08"]
[SourceVersion "1"]
[SourceVersionDate "1999.06.08"]
[SourceQuality "1"]

1. e4 c5 2. Nf3 e6 3. d4 cxd4 4. Nxd4 a6 5. Nc3 Qc7 6. Be2 Nf6 7. O-O Nc6 8.
Kh1 Be7 9. f4 d6 10. Be3 Nxd4 11. Qxd4 O-O 12. Rad1 e5 13. Qd3 h6 $6 {This
kind of prophylaxy can be quite expensive in the Sicilian defence.} (13... b5)
14. fxe5 dxe5 15. Nd5 Nxd5 (15... Qd8 $2 16. Bb6 $18) 16. exd5 Bd6 (16... Rd8
17. Bh5 $1 f5 (17... g6 18. Bxg6 $18) 18. c4 $16) 17. c4 b6 (17... Bd7 18. c5
$1 Bxc5 19. Rc1 $18) 18. b4 $1 {The endgames are usually pleasant for black in
sicilian structures, but white pawns are rolling and queens are still present
on the board.} Bxb4 (18... Bd7 19. c5 $1 Bb5 20. Qc2 Rac8 21. Bxb5 axb5 22. Rc1
$18) 19. d6 Qd7 (19... Qa7 20. d7 Bb7 21. Qf5 Bc6 22. Bd3 e4 (22... g6 23. Qxe5
Qb7 24. Rf2 $18) 23. Bxe4 Bxe4 24. Qxe4 $16) (19... Qd8 20. a3 Ba5 21. Qe4 Be6
22. Bd3 f5 23. Qxe5 $16) 20. Bxb6 Qc6 (20... Bb7 21. c5 Rac8 22. Qc4 Qc6 23.
Bf3 Qxb6 (23... e4 24. Bh5 $18) 24. cxb6 Rxc4 25. Bxb7 Bc5 26. Bxa6 Ra4 27. Bb5
Rb4 28. a4 Bxb6 29. d7 $16) 21. Bf3 Qxb6 22. Bxa8 Be6 23. Qe4 (23. d7 Rd8 24.
Qe4 Rxd7 25. Rxd7 Bxd7 26. Bd5 $18) 23... Bxd6 24. Bd5 Bb8 25. h3 g6 $6 {
The position is difficult, but this weakening move makes black's plight even
worse.} (25... Rc8 26. Rd3 $16) 26. c5 $1 Bxd5 (26... Qxc5 $2 27. Bxe6 $18) 27.
Qxd5 Qc7 (27... Qb5 28. Rf6 $18) 28. Rf6 Kg7 29. Rxa6 e4 30. Qd6 (30. Rd6 Re8
31. Re1 Qe7 32. Rd7 Qf6 33. Qd4 Qxd4 34. Rxd4 e3 35. Rd3 $18) 30... Qc8 31.
Qf6+ Kh7 32. Rc6 (32. Qe7 Qxa6 33. Qxf8 Qb7 34. Qe8 $18) 32... Qe8 33. Rb6 e3 (
33... Be5 34. Qf2 f5 35. Rb7+ $18) 34. Re1 {The pawns are equal in numbers and
white pieces control the board. Does black stand a chance at all?} Bg3 (34...
e2 $2 35. Qb2 $18) 35. Re2 Qd8 (35... Qe4 36. Qf3 Qxf3 37. gxf3 $16) 36. Qxd8
Rxd8 {[%mdl 4096]} 37. Rb1 Bf2 (37... Rd3 38. Rc1 $18) 38. c6 Kg7 39. Kh2 (39.
g4 $1 Rc8 40. Rc2 f5 41. gxf5 gxf5 42. Kg2 $18) 39... Rc8 40. Rc2 h5 41. g3 (
41. a4 h4 42. a5 e2 43. Rxe2 Bg3+ 44. Kg1 Rxc6 45. Ra2 $18) (41. g4 $1 hxg4 42.
hxg4 Kf6 43. Kg2 $18) 41... h4 42. gxh4 (42. g4 f5 43. gxf5 gxf5 44. Kg2 $18)
42... Bxh4 43. Rb4 (43. Kg2 e2 44. Rxe2 Rxc6 45. a4 $16) 43... Be1 44. Rb1 Ba5
45. Kg2 e2 46. Rxe2 Rxc6 47. Rb7 Bb6 48. a4 (48. Ree7 $1 Rf6 49. a4 $18) 48...
g5 49. Ra2 (49. Ree7 Rf6 50. Re5 Kg6 51. a5 $18) 49... Bd4 (49... Ba5 50. Rb5
Bd8 51. a5 Ra6 52. Rd5 Be7 53. Rb2 $18) 50. Kf3 Kg6 51. a5 Ra6 52. Ke4 Bg1 53.
Kd5 (53. Rb5 $1 Ba7 54. Kd5 f5 55. Rc2 f4 56. Rc6+ Rxc6 57. Kxc6 f3 58. Rb3 f2
59. Rf3 $18) 53... f5 54. Rd7 $2 (54. Re7 Kf6 55. Rd7 f4 56. Rd6+ Rxd6+ 57.
Kxd6 Kf5 $1) (54. Rb5 $1 f4 55. Rg2 Be3 56. Ke4 Re6+ 57. Kf3 $18) 54... f4 55.
Rd6+ (55. Ke4 Re6+ 56. Kd5 (56. Kf3 Re3+ 57. Kg2 Rg3+ 58. Kf1 f3 $132) 56...
Ra6) 55... Rxd6+ 56. Kxd6 Kf5 $1 {This fascinating position is probably drawn,
black has managed a Houdini style saving.} (56... f3 57. a6 Kf5 $1 (57... Ba7
$2 58. Ra3 f2 59. Rf3 Kh5 60. Ke5 g4 61. hxg4+ Kxg4 62. Ke4 Bb6 63. Rf7 Kh3 64.
Kd3 Kg2 65. Ke2 Bd4 66. Rf4 Bb6 67. Rg4+ Kh2 68. Rg7 $18)) 57. a6 f3 $1 (57...
Ba7 $2 58. Ra5+ Ke4 59. Rxg5 f3 60. Re5+ Kd4 61. Rf5 Ke4 62. Ke6 f2 63. h4 $18)
58. a7 (58. Ra5+ Kf4 59. Ra4+ Kf5 $1 $13 (59... Kg3 $2 60. Rg4+ Kh2 61. Rxg5 f2
62. Rf5 Kxh3 63. Ke5 $1 Kg3 64. Rf8 Kh3 65. Ke4 Kg2 66. a7 f1=Q 67. a8=Q Bf2
68. Ke5+ Kh3 69. Qf3+ Bg3+ 70. Qxg3+ Kxg3 71. Rxf1 $18)) 58... Bxa7 59. Rxa7
Kf4 60. Rf7+ Kg3 61. Ke5 f2 {Black is saved by the fact, that white king can
not cross the f file.} (61... Kxh3 62. Rxf3+ Kg2 (62... Kg4 63. Ke4 Kh4 64. Kf5
$18) 63. Ra3 $18) 62. Rf5 Kg2 63. Kf6 (63. Ke4 f1=Q 64. Rxf1 Kxf1 65. Kf3 Kg1
66. Kg3 Kh1 67. Kg4 Kh2 $11) (63. Rxg5+ Kxh3 64. Rf5 Kg2 $11) 63... Kxh3 64.
Rxf2 g4 65. Kg5 g3 66. Rf3 Kh2 (66... Kg2 $2 67. Kg4) 67. Kg4 g2 68. Rh3+ Kg1
69. Ra3 Kh1 70. Rh3+ Kg1 71. Ra3 1/2-1/2

[Event "EU-chT (Men) 13th"]
[Site "Leon"]
[Date "2001.11.13"]
[Round "7.2"]
[White "Gallagher, Joseph G"]
[Black "Navara, David"]
[Result "0-1"]
[WhiteElo "2511"]
[BlackElo "2499"]
[Annotator "Ftacnik,L"]
[PlyCount "60"]
[EventDate "2001.11.06"]
[EventType "team-swiss"]
[EventRounds "9"]
[EventCountry "ESP"]
[SourceTitle "CBM 086"]
[Source "ChessBase"]
[SourceDate "2002.02.05"]
[SourceVersion "1"]
[SourceVersionDate "2002.02.05"]
[SourceQuality "1"]
[WhiteTeam "Switzerland"]
[BlackTeam "Czech Republic"]
[WhiteTeamCountry "SUI"]
[BlackTeamCountry "CZE"]

1. e4 c5 2. Nf3 d6 3. d4 cxd4 4. Nxd4 Nf6 5. Nc3 a6 6. Be2 e6 7. O-O Be7 8. f4
Qc7 9. Kh1 O-O 10. Qe1 b5 11. Bf3 Bb7 12. e5 dxe5 13. fxe5 Nfd7 14. Qg3 Kh8 15.
Bf4 Nc6 16. Nd5 $6 exd5 17. Nf5 g5 $1 {This key move represents the refutation
of the white's aggressive plan.} 18. Bxd5 (18. e6 Qxf4 19. Qxf4 gxf4 20. exd7
Rad8 21. Bxd5 Rxd7 {0-1 Gufeld,E-Polugaevsky,L/Moscow/1961/ (21)}) 18... Nd4
19. Nxe7 (19. Bxg5 Nxf5 20. Rxf5 Bxd5 21. Bxe7 Rg8 22. Rg5 Rxg5 23. Qxg5 Rg8
24. Bf6+ Nxf6 25. Qxf6+ Rg7 26. Rg1 Qc6 {0-1 Haba,P-Mainka,R/Prague/1990/ (30)}
) 19... gxf4 20. Qxf4 (20. Qc3 Qxc3 21. bxc3 Nxc2 22. Bxb7 Ra7 23. Rac1 Ne3 24.
Be4 Nxf1 25. Rxf1 Nxe5 $19) 20... Bxd5 21. Qxd4 (21. Nxd5 Qxe5 22. Rad1 Ne6 $19
) 21... Be6 {White has just two pawns for the piece and his hopes for kingside
attack are very distant.} 22. Rae1 (22. Nf5 Qxe5 $19) 22... Qc5 (22... Qxc2 23.
Rc1 Qa4 24. b4 Qxa2 $19) 23. Qh4 (23. Qxc5 Nxc5 24. a3 Rad8 $19) 23... Rae8 24.
Nf5 Bc4 (24... Bxf5 25. Rxf5 Qxc2 26. Rh5 Rg8 $19) 25. Rf3 Rxe5 26. Rxe5 Qxe5
27. h3 (27. c3 Bxa2 $19) 27... Bd5 28. Rf2 Nc5 29. Nh6 Ne4 30. Rf4 f5 0-1